[Event "Titled Tuesday intern op 12th Dec Early"]
[Site "Chess.com INT"]
[Date "2023.12.12"]
[Round "3"]
[White "Botea, David Alexandru"]
[Black "Martinez Fernandez, Adrian"]
[Result "1-0"]
[WhiteElo "2081"]
[BlackElo "2405"]
[PlyCount "65"]
[EventDate "2023.12.12"]
[EventType "swiss (blitz)"]
[EventRounds "11"]
[EventCountry "USA"]
[SourceTitle "CB51_2023"]
[SourceDate "2023.12.20"]
[SourceVersion "1"]
[SourceVersionDate "2023.12.20"]
[SourceQuality "1"]

1. c4 b6 2. Nf3 Bb7 3. g3 e5 4. Bg2 Be7 5. 0-0 d6 6. Nc3 Nd7 7. d4 h5 8. e4 h4 9. Nd5 hxg3 10. fxg3 Bxd5 11. exd5 Bf6 12. dxe5 Nxe5 13. Qe2 Qe7 14. Nxe5 Bxe5 15. Be3 Nf6 16. Rae1 0-0-0 17. c5 dxc5 18. Qa6+ Kb8 19. Bf4 Bd4+ 20. Kh1 Qd7 21. d6 c6 22. Re7 Nd5 23. Rxd7 Rxd7 24. Bxd5 cxd5 25. Qb5 Rhd8 26. Re1 Bf6 27. Re8 Kb7 28. Rxd8 Rxd8 29. a4 g5 30. Be3 d4 31. Bd2 Rxd6 32. Qe8 Ka6 33. Qc8# 1-0

[Event "Titled Tuesday intern op 14th Nov Early"]
[Site "Chess.com INT"]
[Date "2023.11.14"]
[Round "10"]
[White "Martinez Fernandez, Adrian"]
[Black "Lebedev, Artem S"]
[Result "0-1"]
[WhiteElo "2405"]
[BlackElo "2033"]
[PlyCount "48"]
[EventDate "2023.11.14"]
[EventType "swiss (blitz)"]
[EventRounds "11"]
[EventCountry "USA"]
[SourceTitle "CB47_2023"]
[SourceDate "2023.11.22"]
[SourceVersion "1"]
[SourceVersionDate "2023.11.22"]
[SourceQuality "1"]

1. e4 e5 2. Nf3 Nc6 3. Bc4 Bc5 4. c3 Nf6 5. d4 exd4 6. e5 d5 7. Be2 Ne4 8. cxd4 Bb6 9. 0-0 0-0 10. Nc3 Bg4 11. Be3 f6 12. exf6 Rxf6 13. Qc2 Bxf3 14. Bxf3 Nxd4 15. Bxd4 Bxd4 16. Nxe4 dxe4 17. Bxe4 Qd6 18. Bxh7+ Kh8 19. Be4 Raf8 20. Bf3 Rh6 21. Rfd1 Qxh2+ 22. Kf1 Re6 23. g3 Rxf3 24. Rxd4 Qh1# 0-1

[Event "ESP-ch 88th"]
[Site "Marbella"]
[Date "2023.10.18"]
[Round "6"]
[White "Rey Martinez, Jaime"]
[Black "Martinez Fernandez, Adrian"]
[Result "1-0"]
[WhiteElo "2328"]
[BlackElo "2421"]
[PlyCount "93"]
[EventDate "2023.10.13"]
[EventType "swiss"]
[EventRounds "9"]
[EventCountry "ESP"]
[SourceTitle "Mega2024 Update 01"]
[Source "Chessbase"]
[SourceDate "2023.11.12"]
[SourceVersion "1"]
[SourceVersionDate "2023.11.12"]
[SourceQuality "1"]

1. e4 e5 2. Nf3 Nc6 3. Bc4 Nf6 4. Ng5 d5 5. exd5 Na5 6. Bb5+ c6 7. dxc6 bxc6 8. Bd3 Nd5 9. Nf3 Bd6 10. 0-0 Nf4 11. Re1 Nxd3 12. cxd3 0-0 13. Nc3 Re8 14. Ne4 Bg4 15. Ng3 Rb8 16. h3 Bc8 17. b3 c5 18. Ba3 Nc6 19. Rc1 Nb4 20. Bxb4 cxb4 21. d4 exd4 22. Nxd4 Rb6 23. Rxe8+ Qxe8 24. Qe2 Qd7 25. Ndf5 Bf8 26. Qg4 Rc6 27. Rxc6 Qxc6 28. Qxg7+ Bxg7 29. Ne7+ Kh8 30. Nxc6 Bf8 31. Nxa7 Bd7 32. d4 Kg7 33. d5 f5 34. Nc6 Kf6 35. Ne2 Bc5 36. Nc1 Bxc6 37. dxc6 Ke7 38. Nd3 Bd6 39. f4 Kd8 40. Kf2 Kc7 41. Ne5 Bc5+ 42. Kf3 h5 43. g4 fxg4+ 44. hxg4 hxg4+ 45. Kxg4 Bd4 46. Kf5 Be3 47. Ke4 1-0

[Event "ESP-ch Rapid"]
[Site "Linares"]
[Date "2023.08.19"]
[Round "3"]
[White "Follana Albelda, Lucia"]
[Black "Martinez Fernandez, Adrian"]
[Result "0-1"]
[WhiteElo "1887"]
[BlackElo "2410"]
[PlyCount "148"]
[EventDate "2023.08.19"]
[EventType "swiss (rapid)"]
[EventRounds "10"]
[EventCountry "ESP"]
[SourceTitle "CBM 215 Extra"]
[Source "ChessBase"]
[SourceDate "2023.09.30"]
[SourceVersion "1"]
[SourceVersionDate "2023.09.30"]
[SourceQuality "1"]

1. e4 g6 2. d4 c6 3. Nc3 d5 4. e5 Bg7 5. f4 f6 6. Nf3 Nh6 7. h3 0-0 8. Be3 fxe5 9. fxe5 e6 10. Qd2 Nf7 11. 0-0-0 c5 12. h4 cxd4 13. Bxd4 Nc6 14. h5 Nxd4 15. Qxd4 g5 16. Re1 h6 17. Nd1 Nd6 18. Bd3 Qa5 19. Kb1 Rf4 20. Qf2 Ne4 21. Qe3 Bd7 22. Nf2 Nxf2 23. Qxf2 Raf8 24. Qe3 Qb6 25. Qd2 Bb5 26. Bg6 Be8 27. Bd3 Rg4 28. c3 a5 29. Bc2 Qa6 30. Nd4 Rgf4 31. Bd3 Qb6 32. Re2 Rf1+ 33. Rxf1 Rxf1+ 34. Kc2 Bxh5 35. Re1 Rxe1 36. Qxe1 Bf7 37. g4 Qc7 38. Nf3 Qc5 39. b3 Be8 40. Nd4 Bd7 41. Kb2 b5 42. Nf3 b4 43. cxb4 axb4 44. Qe2 Qc3+ 45. Kb1 Qc5 46. Bc2 Bb5 47. Qd2 Kf8 48. Nd4 Bd7 49. Nf3 Bb5 50. Nd4 Ke7 51. Nxb5 Qxb5 52. Bd3 Qb8 53. a3 bxa3 54. Ka2 Qxe5 55. Qb4+ Qd6 56. Qb7+ Kf8 57. Qc8+ Kf7 58. Qb7+ Kg8 59. Qc8+ Bf8 60. Qe8 Qe7 61. Qg6+ Bg7 62. Qh7+ Kf8 63. Qg6 Qf6 64. Kxa3 Qa1+ 65. Kb4 Qc3+ 66. Ka4 Qd4+ 67. b4 Qa7+ 68. Kb3 Qf7 69. Qh7 e5 70. Bf5 d4+ 71. Kb2 d3 72. Kc3 e4+ 73. Kd2 Qa2+ 74. Ke1 Qe2# 0-1

[Event "ESP-ch Rapid"]
[Site "Linares"]
[Date "2023.08.19"]
[Round "7"]
[White "Garcia Ramos, Daniel"]
[Black "Martinez Fernandez, Adrian"]
[Result "1/2-1/2"]
[WhiteElo "2468"]
[BlackElo "2410"]
[PlyCount "79"]
[EventDate "2023.08.19"]
[EventType "swiss (rapid)"]
[EventRounds "10"]
[EventCountry "ESP"]
[SourceTitle "CBM 215 Extra"]
[Source "ChessBase"]
[SourceDate "2023.09.30"]
[SourceVersion "1"]
[SourceVersionDate "2023.09.30"]
[SourceQuality "1"]

1. e4 c5 2. Nf3 g6 3. d4 cxd4 4. Nxd4 Nc6 5. c4 Nf6 6. Nc3 d6 7. Be2 Nxd4 8. Qxd4 Bg7 9. Be3 0-0 10. Qd1 a5 11. 0-0 a4 12. Nxa4 Nxe4 13. Nb6 Rb8 14. Qb3 Be6 15. Rfd1 f5 16. Bf3 Qe8 17. Bd4 Ng5 18. Bd5 Bxd5 19. cxd5 f4 20. Bxg7 Kxg7 21. h4 Nf7 22. Rac1 Ne5 23. Rc7 f3 24. g3 Qf7 25. Qc2 Qf6 26. Rd4 Kg8 27. Qe4 Rf7 28. a4 g5 29. a5 Rg7 30. h5 Qh6 31. Qf5 Qxh5 32. Rc8+ Rxc8 33. Qxc8+ Kf7 34. Qe6+ Kf8 35. Qc8+ Kf7 36. Qf5+ Kg8 37. Qc8+ Kf7 38. Qe6+ Kf8 39. Qc8+ Kf7 40. Qe6+ 1/2-1/2

[Event "ESP-ch Rapid"]
[Site "Linares"]
[Date "2023.08.19"]
[Round "2"]
[White "Martinez Fernandez, Adrian"]
[Black "Del Carmen Hernandez, Aimer"]
[Result "1-0"]
[WhiteElo "2410"]
[BlackElo "2035"]
[PlyCount "105"]
[EventDate "2023.08.19"]
[EventType "swiss (rapid)"]
[EventRounds "10"]
[EventCountry "ESP"]
[SourceTitle "CBM 215 Extra"]
[Source "ChessBase"]
[SourceDate "2023.09.30"]
[SourceVersion "1"]
[SourceVersionDate "2023.09.30"]
[SourceQuality "1"]

1. g3 d5 2. Bg2 Nf6 3. c4 e6 4. b3 c6 5. Bb2 Nbd7 6. Nf3 Bd6 7. 0-0 0-0 8. d3 b6 9. a3 Bb7 10. b4 e5 11. Nbd2 d4 12. Ng5 Qc7 13. Rb1 c5 14. bxc5 Nxc5 15. Ngf3 Nfd7 16. Nb3 f5 17. Re1 Bc6 18. Nxc5 bxc5 19. e3 f4 20. Ng5 Bxg2 21. Kxg2 Qc6+ 22. Qf3 Qxf3+ 23. Nxf3 Rab8 24. exf4 exf4 25. Ba1 h6 26. Nd2 Ne5 27. Rxb8 Rxb8 28. Rd1 Bf8 29. gxf4 Nxd3 30. Kf3 Re8 31. Ne4 Nxf2 32. Nxf2 Re3+ 33. Kg2 Rxa3 34. Nd3 a5 35. Kf3 a4 36. Ke4 Ra2 37. h3 Rh2 38. Bb2 Rxh3 39. Ba3 Rh4 40. Kd5 Rh5+ 41. Kc6 Kf7 42. Ne5+ Ke6 43. Nd7 Rf5 44. Re1+ Kf7 45. Nxf8 Kxf8 46. Bxc5+ Kf7 47. Re7+ Kg6 48. Bxd4 Rxf4 49. Rxg7+ Kh5 50. Kd5 a3 51. Ra7 Rf3 52. c5 Kg4 53. c6 1-0

[Event "ESP-ch Rapid"]
[Site "Linares"]
[Date "2023.08.19"]
[Round "5"]
[White "Rodriguez Redondo, Adhara"]
[Black "Martinez Fernandez, Adrian"]
[Result "0-1"]
[WhiteElo "2153"]
[BlackElo "2410"]
[PlyCount "72"]
[EventDate "2023.08.19"]
[EventType "swiss (rapid)"]
[EventRounds "10"]
[EventCountry "ESP"]
[SourceTitle "CBM 215 Extra"]
[Source "ChessBase"]
[SourceDate "2023.09.30"]
[SourceVersion "1"]
[SourceVersionDate "2023.09.30"]
[SourceQuality "1"]

1. e4 c6 2. d4 g6 3. Nc3 Bg7 4. Be3 d5 5. e5 f6 6. f4 Nh6 7. Nf3 Bg4 8. h3 Bxf3 9. Qxf3 0-0 10. exf6 exf6 11. 0-0-0 Re8 12. Bd3 f5 13. g4 Nd7 14. g5 Nf7 15. h4 Nf8 16. h5 b5 17. Ne2 Nd6 18. Bd2 a5 19. Rh4 Ne4 20. Kb1 Qe7 21. Bc1 Qb4 22. c3 Qd6 23. Bxe4 dxe4 24. Qe3 Qd5 25. Ng3 b4 26. Nf1 Reb8 27. Rh2 Ne6 28. Bd2 Nc7 29. Qh3 Qb5 30. hxg6 hxg6 31. Qh7+ Kf7 32. Rh6 Kf8 33. Rxg6 Ne8 34. Ne3 Qe2 35. Qh1 bxc3 36. Nxf5 Rxb2+ 0-1

[Event "ESP-chT CECLUB Honor"]
[Site "Linares"]
[Date "2022.09.23"]
[Round "7.4"]
[White "Martinez Fernandez, Adrian"]
[Black "Del Rio de Angelis, Salvador Gabriel"]
[Result "1-0"]
[WhiteElo "2338"]
[BlackElo "2456"]
[PlyCount "61"]
[EventDate "2022.09.17"]
[EventType "team-tourn"]
[EventRounds "7"]
[EventCountry "ESP"]
[SourceTitle "CBM 210 Extra"]
[Source "ChessBase"]
[SourceDate "2022.11.30"]
[SourceVersion "1"]
[SourceVersionDate "2022.11.30"]
[SourceQuality "1"]
[WhiteTeam "Barcelona CE"]
[BlackTeam "Sestao Hotel Naval"]
[WhiteTeamCountry "ESP"]
[BlackTeamCountry "ESP"]

1. e4 c6 2. d4 d5 3. e5 Bf5 4. Nc3 e6 5. g4 Bg6 6. Nge2 c5 7. h4 h5 8. Nf4 Ne7 9. Nb5 Nec6 10. Nxg6 fxg6 11. Bd3 cxd4 12. Bxg6+ Kd7 13. Nxd4 Nxe5 14. Qe2 Qf6 15. Be8+ Kxe8 16. Bg5 Qf7 17. Qxe5 Nc6 18. Qxe6+ Qxe6+ 19. Nxe6 Kd7 20. Nxf8+ Raxf8 21. 0-0-0 Kd6 22. Rd2 hxg4 23. Rg1 Rf5 24. Rxg4 Rhf8 25. Be3 R8f7 26. Rg6+ Kc7 27. Rg1 b5 28. c3 a5 29. Rg6 Ne5 30. Ra6 Nc4 31. Rxd5 1-0

[Event "ESP-chT CECLUB Honor"]
[Site "Linares"]
[Date "2022.09.21"]
[Round "5.4"]
[White "Pichot, Alan"]
[Black "Martinez Fernandez, Adrian"]
[Result "1-0"]
[WhiteElo "2641"]
[BlackElo "2338"]
[PlyCount "115"]
[EventDate "2022.09.17"]
[EventType "team-tourn"]
[EventRounds "7"]
[EventCountry "ESP"]
[SourceTitle "CBM 210 Extra"]
[Source "ChessBase"]
[SourceDate "2022.11.30"]
[SourceVersion "1"]
[SourceVersionDate "2022.11.30"]
[SourceQuality "1"]
[WhiteTeam "Extremadura Magic"]
[BlackTeam "Barcelona CE"]
[WhiteTeamCountry "ESP"]
[BlackTeamCountry "ESP"]

1. e4 c5 2. Nf3 d6 3. Nc3 Nc6 4. d4 cxd4 5. Nxd4 g6 6. Nd5 e6 7. Nc3 Nf6 8. Be2 a6 9. 0-0 Bg7 10. Bg5 Bd7 11. Nb3 Qc7 12. Qd2 Rd8 13. Qf4 Ke7 14. Qd2 h6 15. Be3 b5 16. a3 Bc8 17. Rad1 Kf8 18. Nd4 Kg8 19. Nxc6 Qxc6 20. e5 Ne8 21. f4 Bb7 22. Bf3 Qc7 23. Ne4 Bxe4 24. Bxe4 d5 25. Bd3 Bf8 26. Qf2 Rc8 27. g4 Bc5 28. f5 gxf5 29. gxf5 Bxe3 30. Qxe3 Qc5 31. Qxc5 Rxc5 32. fxe6 fxe6 33. Rf3 Rh7 34. Bxh7+ Kxh7 35. Rc3 Rxc3 36. bxc3 Ng7 37. Kf2 Kg6 38. Rg1+ Kf7 39. Ke3 Nf5+ 40. Kd3 h5 41. a4 bxa4 42. Ra1 Ne7 43. Ke3 Kg6 44. Kf4 Kh6 45. Rxa4 Ng6+ 46. Ke3 Kg5 47. c4 Nxe5 48. c5 a5 49. h4+ Kf6 50. Ra1 Ke7 51. Kf4 Nc4 52. Kg5 e5 53. Kxh5 d4 54. Kg5 e4 55. Kf4 d3 56. Kxe4 dxc2 57. Kd3 Na3 58. h5 1-0

[Event "ESP-ch 87th"]
[Site "Linares"]
[Date "2022.08.15"]
[Round "6"]
[White "Serrano Almendros, Alejandro"]
[Black "Martinez Fernandez, Adrian"]
[Result "0-1"]
[WhiteElo "2168"]
[BlackElo "2347"]
[PlyCount "110"]
[EventDate "2022.08.11"]
[EventType "swiss"]
[EventRounds "9"]
[EventCountry "ESP"]
[SourceTitle "CBM 209 Extra"]
[Source "ChessBase"]
[SourceDate "2022.09.30"]
[SourceVersion "1"]
[SourceVersionDate "2022.09.30"]
[SourceQuality "1"]

1. e4 c5 2. Nf3 d6 3. d4 Nf6 4. Nc3 cxd4 5. Nxd4 a6 6. Qf3 g6 7. h3 Bg7 8. Be3 0-0 9. 0-0-0 Qa5 10. Nb3 Qc7 11. g4 Be6 12. Qg2 Nc6 13. f4 Nb4 14. Kb1 b5 15. Nd4 Rfc8 16. a3 Nc6 17. Nxc6 Qxc6 18. e5 dxe5 19. Rd8+ Rxd8 20. Qxc6 Nd5 21. Bd2 Rac8 22. Qxa6 Nxc3+ 23. bxc3 Rxd2 24. Bd3 exf4 25. Re1 Rxc3 26. Qxb5 f3 27. Qb8+ Rc8 28. Qf4 Bc3 29. Rf1 Bd5 30. a4 e5 31. Qe3 e4 32. Ba6 Rc7 33. Kc1 Rxc2+ 34. Kxc2 Bd4+ 35. Kd2 Bxe3+ 36. Kxe3 f5 37. gxf5 gxf5 38. Rd1 Bb3 39. Ra1 Kf7 40. a5 Ke6 41. Kd4 Kf6 42. Bb5 Kg5 43. a6 Ra7 44. Ke5 f2 45. Bf1 e3 46. Be2 Bc2 47. Rc1 Be4 48. Rc3 Bg2 49. Rc1 Re7+ 50. Kd6 Re4 51. Ra1 Rd4+ 52. Kc5 Rd2 53. Bf1 Bxf1 54. Rxf1 e2 55. a7 exf1Q 0-1